Digital portfolios in the classroom : (Record no. 3316)
[ view plain ]
| 000 -LEADER | |
|---|---|
| fixed length control field | 00523cam a22001698i 4500 |
| 005 - DATE AND TIME OF LATEST TRANSACTION | |
| control field | 20250901165410.0 |
| 008 - FIXED-LENGTH DATA ELEMENTS--GENERAL INFORMATION | |
| fixed length control field | 170615s2017 vau b 001 0 eng |
| 010 ## - LIBRARY OF CONGRESS CONTROL NUMBER | |
| LC control number | 2017026437 |
| 020 ## - INTERNATIONAL STANDARD BOOK NUMBER | |
| International Standard Book Number | 9781416624646 (pbk.) |
| 020 ## - INTERNATIONAL STANDARD BOOK NUMBER | |
| Canceled/invalid ISBN | 9781416624653 (PDF e-book) |
| 050 00 - LIBRARY OF CONGRESS CALL NUMBER | |
| Classification number | LB1029.P67 .R46 2017 |
| Item number | R43 2017 |
| 082 00 - DEWEY DECIMAL CLASSIFICATION NUMBER | |
| Classification number | 371.39 |
| Edition information | 23 |
| 100 1# - MAIN ENTRY--PERSONAL NAME | |
| Personal name | Renwick, Matt, |
| Relator term | author. |
| 245 10 - TITLE STATEMENT | |
| Title | Digital portfolios in the classroom : |
| Remainder of title | showcasing and assessing student work / |
| Statement of responsibility, etc. | Matt Renwick. |
| 300 ## - PHYSICAL DESCRIPTION | |
| Extent | 170 pages ; |
| Dimensions | 23 cm |
| 942 ## - ADDED ENTRY ELEMENTS (KOHA) | |
| Source of classification or shelving scheme | Dewey Decimal Classification |
| Withdrawn status | Lost status | Source of classification or shelving scheme | Damaged status | Not for loan | Home library | Current library | Shelving location | Date acquired | Total checkouts | Full call number | Barcode | Date last seen | Price effective from | Koha item type |
|---|---|---|---|---|---|---|---|---|---|---|---|---|---|---|
| Library of Congress Classification | Main Library | Main Library | 03/23/2021 | LB1029.P67 .R46 2017 | PIU0170392 | 03/23/2021 | 03/23/2021 | Books | ||||||
| Library of Congress Classification | Main Library | Main Library | 03/23/2021 | 371.39 | PIU0170393 | 03/23/2021 | 03/23/2021 | Books |